Sports Quiz

Random Sports or NFL Quiz

NFL - Early 80's Fantasy Leaders Quiz Stats

 Plays Quiz not verified by Sporcle

Challenge
Share
Tweet
Embed
Score 0/150 Timer 10:00
0 Plays Today
Position & Year Player % Correct
1981 QBJoe Montana
98.8%
1982 QBJoe Montana
98.8%
1983 QBJoe Montana
98.8%
1984 QBJoe Montana
98.8%
1984 QBDan Marino
96.9%
1980 QBDan Fouts
96.1%
1981 QBDan Fouts
96.1%
1982 QBDan Fouts
96.1%
1983 RBEric Dickerson
93%
1984 RBEric Dickerson
93%
1980 RBWalter Payton
92.9%
1983 RBWalter Payton
92.9%
1984 RBWalter Payton
92.9%
1981 QBKen Anderson
91.7%
1982 QBKen Anderson
91.7%
1980 RBOttis Anderson
91.7%
1984 RBOttis Anderson
91.7%
1982 RBMarcus Allen
91.5%
1983 RBMarcus Allen
91.5%
1984 RBMarcus Allen
91.5%
1980 RBEarl Campbell
91%
1983 RBEarl Campbell
91%
1980 TEKellen Winslow
90%
1981 TEKellen Winslow
90%
1982 TEKellen Winslow
90%
1983 TEKellen Winslow
90%
1982 QBJoe Theismann
88.3%
1983 QBJoe Theismann
88.3%
1980 RBTony Dorsett
88.1%
1981 RBTony Dorsett
88.1%
1982 RBTony Dorsett
88.1%
1983 RBTony Dorsett
88.1%
1984 RBTony Dorsett
88.1%
1980 QBRon Jaworski
87.6%
1983 QBDanny White
87.1%
1982 WRSammy White
87.1%
1980 QBDoug Williams
84.2%
1981 QBDoug Williams
84.2%
1984 WRMark Clayton
83.7%
1980 WRSteve Largent
82.3%
1981 WRSteve Largent
82.3%
1983 WRSteve Largent
82.3%
1984 WRSteve Largent
82.3%
1984 QBDave Krieg
81.8%
1983 WRMark Duper
80.4%
1984 WRMark Duper
80.4%
1980 QBBrian Sipe
77.9%
1983 RBJohn Riggins
77.4%
1984 RBJohn Riggins
77.4%
1981 RBPete Johnson
76.2%
Position & Year Player % Correct
1982 RBPete Johnson
76.2%
1984 QBTony Eason
75.9%
1980 QBSteve Bartkowski
74.8%
1981 QBSteve Bartkowski
74.8%
1980 RBBilly Sims
74.8%
1981 RBBilly Sims
74.8%
1982 RBBilly Sims
74.8%
1980 WRDwight Clark
74.7%
1982 WRDwight Clark
74.7%
1984 WRArt Monk
70.6%
1982 QBTommy Kramer
69%
1984 RBGerald Riggs
68.4%
1984 RBEarnest Jackson
67.9%
1984 QBNeil Lomax
67.5%
1982 WRJohn Stallworth
65.8%
1983 WRTim Smith
65.8%
1984 WRJohn Stallworth
65.8%
1983 QBLynn Dickey
65.5%
1980 WRJames Lofton
65%
1981 WRJames Lofton
65%
1982 WRJames Lofton
65%
1983 WRJames Lofton
65%
1984 WRJames Lofton
65%
1983 RBCurt Warner
64.5%
1980 RBWilbert Montgomery
63.6%
1981 RBWilbert Montgomery
63.6%
1982 RBWilbert Montgomery
63.6%
1981 RBGeorge Rogers
63.3%
1980 RBTed Brown
61.7%
1981 RBTed Brown
61.7%
1982 WRCharlie Brown
61.7%
1983 WRCharlie Brown
61.7%
1983 WRRoy Green
61.4%
1984 WRRoy Green
61.4%
1981 TEOzzie Newsome
60%
1982 TEOzzie Newsome
60%
1983 TEOzzie Newsome
60%
1984 TEOzzie Newsome
60%
1981 WRCharlie Joiner
59.9%
1980 WRTony Hill
59.7%
1982 RBFreeman McNeil
59.5%
1984 RBJames Wilder
58.3%
1980 WRJohn Jefferson
58.3%
1982 TETodd Christensen
57.8%
1983 TETodd Christensen
57.8%
1984 TETodd Christensen
57.8%
1982 WRWesley Walker
56.6%
1981 RBChuck Muncie
54.4%
1982 RBChuck Muncie
54.4%
1983 WRMike Quick
53.1%
Position & Year Player % Correct
1984 WRMike Quick
53.1%
1980 WRStanley Morgan
52.2%
1981 WRStanley Morgan
52.2%
1982 WRStanley Morgan
52.2%
1980 WRBob Chandler
51.5%
1982 WRWes Chandler
51.5%
1981 WRCris Collinsworth
49.7%
1980 RBWilliam Andrews
49.5%
1981 RBWilliam Andrews
49.5%
1982 RBWilliam Andrews
49.5%
1983 RBWilliam Andrews
49.5%
1981 RBWendell Tyler
49.3%
1982 RBWendell Tyler
49.3%
1984 RBWendell Tyler
49.3%
1982 WRCliff Branch
46.3%
1983 QBBill Kenney
45.1%
1980 RBMike Pruitt
45.1%
1983 RBMike Pruitt
45.1%
1980 RBJoe Cribbs
44.6%
1981 RBJoe Cribbs
44.6%
1983 RBJoe Cribbs
44.6%
1980 WRAhmad Rashad
42.5%
1982 TEDave Casper
35.9%
1980 TERuss Francis
35.5%
1980 TEJunior Miller
35.5%
1981 WRFreddie Solomon
33.3%
1980 WRAlfred Jenkins
33%
1981 WRAlfred Jenkins
33%
1981 WRSteve Watson
32.5%
1983 WRSteve Watson
32.5%
1984 WRSteve Watson
32.5%
1983 WRCarlos Carson
29.4%
1982 TEDoug Cosbie
28.1%
1983 TEDoug Cosbie
28.1%
1981 WRFrank Lewis
27.6%
1980 TEDan Ross
27.4%
1981 TEDan Ross
27.4%
1984 TEMickey Shuler
27.4%
1980 WREarnest Gray
26.5%
1983 WREarnest Gray
26.5%
1981 WRKevin House
22.8%
1982 RBEddie Lee Ivery
22.4%
1983 TEPaul Coffman
22.4%
1984 TEPaul Coffman
22.4%
1981 TEJoe Senser
21.9%
1980 TEMike Barber
20.9%
1982 WRHenry Marshall
19.9%
1981 TEDon Hasselbeck
19.6%
1984 WRStacey Bailey
19.2%
1984 TEDerrick Ramsey
17.2%

You're not logged in!

Compare scores with friends on all Sporcle quizzes.
Join for Free
OR
Log In

You Might Also Like...

Show Comments

Extras

Top Quizzes Today


Score Distribution

Your Account Isn't Verified!

In order to create a playlist on Sporcle, you need to verify the email address you used during registration. Go to your Sporcle Settings to finish the process.

Report this User

Report this user for behavior that violates our Community Guidelines.

Details: